| 000 | 01533nam a2200313 i 4500 | ||
|---|---|---|---|
| 001 | 190507 | ||
| 003 | ES-MaACL | ||
| 005 | 20250804105439.0 | ||
| 008 | 210421s2003 sp a 000 0 spa d | ||
| 245 | 0 | 3 |
_aEl Ateneo Científico, Artístico y Literario de Madrid / _ccoordinado por Olga López, José Manuel López y Esteban Orive. |
| 260 |
_a[Madrid : _bRevista Cálamo FASPE, _c2003] |
||
| 300 |
_a[20] p. : _bil. ; _c30 cm. |
||
| 505 | 8 | _aContiene: El Ateneo de Madrid, una perspectiva / José Siles Artés. Ateneo de Madrid: "una casa con pedigrí" / Ignacio Amestoy. La Biblioteca del Ateneo de Madrid / Luis Español Bouché. El Ateneo del siglo XXI: la nueva imagen del Ateneo. Entrevista a José Luis Abellán, presidente del Ateneo / José Manuel López Sánchez-Caballero y Esteban Orive Castro | |
| 600 | 1 | 4 |
_aAbellán, José Luis, _d1933-2023 _9176509 |
| 610 | 2 | 4 |
_aAteneo de Madrid- _vHistoria _91925 |
| 610 | 2 | 4 |
_aAteneo de Madrid. _bBiblioteca _91951 |
| 700 | 1 |
_aLópez González, Olga. _9149758 |
|
| 700 | 1 |
_aLópez Sánchez-Caballero, José Manuel. _9171378 |
|
| 700 | 1 |
_aOrive Castro, Esteban. _9171379 |
|
| 700 | 1 |
_aSiles Artés, José, _d1930- _9106341 |
|
| 700 | 1 |
_aAmestoy Eguiguren, Ignacio, _d1947- _921210 |
|
| 700 | 1 |
_aEspañol Bouché, Luis, _d1964- _947768 |
|
| 740 | 3 | 2 | _aEl Ateneo de Madrid, una perspectiva. |
| 740 | 0 | 2 | _aAteneo de Madrid: "una casa con pedigrí" |
| 740 | 3 | 2 | _aLa Biblioteca del Ateneo de Madrid. |
| 852 | 4 |
_aES-MaACL _j2342-F-30 |
|
| 942 | _2udc | ||
| 999 |
_c190507 _d190507 |
||